000 01117cam a22003371a 4500
001 12799037
003 OSt
005 20140310184451.0
008 020603s2002 nyua j 000 0 eng d
010 _a 2002283393
020 _a9780439260770
035 _a(OCoLC)ocm49523210
040 _aXVJ
_cXVJ
_dDLC
042 _alccopycat
_alcac
043 _an-usp--
050 0 0 _aE 78.N78
_b.K36 2002
100 1 _aKamma, Anne.
_924698
245 1 0 _aIf you lived with the Indians of the Northwest Coast /
_cAnne Kamma ; illustrated by Pamela Johnson.
260 _aNew York :
_bScholastic,
_c2002.
300 _a63 p. :
_bcol. ill. ;
_c19 cm.
521 _aG6
526 _c870
650 1 0 _aIndians of North America
_zNorthwest Coast of North America
_vJuvenile literature.
_928075
650 1 _aIndians of North America
_zNorthwest Coast of North America.
_928076
700 1 _aJohnson, Pamela,
_eill.
_928077
906 _a7
_bcbc
_ccopycat
_d2
_encip
_f20
_gy-gencatlg
942 _2lcc
_cBK-SCHOLAS
999 _c34592
_d34592